Library of the University of Algiers 3
Ibrahim Sultan Cheibout
شعار جامعة الجزائر 3
مكتبة جامعة الجزائر 3
إبراهيم سلطان شيبوط

العولمة والهوية الثقافية / (رقم التسجيلة. 42280)

تفاصيل مارك
000 -LEADER
fixed length control field 00982nam a2200205Ia 4500
003 - CONTROL NUMBER IDENTIFIER
control field Ost
005 - DATE AND TIME OF LATEST TRANSACTION
control field 20260507075021.0
008 - FIXED-LENGTH DATA ELEMENTS--GENERAL INFORMATION
fixed length control field 260507s9999||||xx |||||||||||||| ||und||
040 ## - CATALOGING SOURCE
Transcribing agency fsecg
041 ## - LANGUAGE CODE
Language code of text/sound track or separate title ara
100 ## - MAIN ENTRY--PERSONAL NAME
Relator term مؤلف
245 #0 - TITLE STATEMENT
Title العولمة والهوية الثقافية /
260 ## - PUBLICATION, DISTRIBUTION, ETC.
Place of publication, distribution, etc. القاهرة:
Name of publisher, distributor, etc. المجلس الاعلي للثقافة,
Date of publication, distribution, etc. [دون تاريخ]
300 ## - PHYSICAL DESCRIPTION
Extent 922 صفحة؛
Dimensions 25 سم
490 ## - SERIES STATEMENT
Series statement أبحاث المؤتمرات
Volume/sequential designation 7
520 ## - SUMMARY, ETC.
Summary, etc. العولمة - الكوكبة - الهوية الوطنية - الهوية الثقافية- أزمة الهوية- العولمة والهوية- العنف الثقافي للعولمة- العولمة وآليات التهميش في الثقافة العربية- العولمة والتداعياتها الإقتصادية والثقافية- العرب ومخاوف العولمة
653 ## - INDEX TERM--UNCONTROLLED
Uncontrolled term الثقافة العربية
653 ## - INDEX TERM--UNCONTROLLED
Uncontrolled term العولمة
942 ## - ADDED ENTRY ELEMENTS (KOHA)
Koha item type كتب
المقتنيات
Withdrawn status Lost status Source of classification or shelving scheme Damaged status Not for loan Home library Current library Date acquired Serial enumeration / chronology Inventory number Total checkouts Full call number Barcode Date last seen Price effective from Koha item type
    Dewey Decimal Classification   NOT LOAN / إعارة داخلية مكتبة كلية العلوم الإقتصادية والعلوم التجارية وعلوم التسيير مكتبة كلية العلوم الإقتصادية والعلوم التجارية وعلوم التسيير 07/05/2026 الطابق الأرضي 124/1   أ/124ن1 124/1 07/05/2026 07/05/2026 كتب
    Dewey Decimal Classification   Available مكتبة كلية العلوم الإقتصادية والعلوم التجارية وعلوم التسيير مكتبة كلية العلوم الإقتصادية والعلوم التجارية وعلوم التسيير 07/05/2026 الطابق الأرضي 124/2   أ/124ن2 124/2 07/05/2026 07/05/2026 كتب
    Dewey Decimal Classification   Available مكتبة كلية العلوم الإقتصادية والعلوم التجارية وعلوم التسيير مكتبة كلية العلوم الإقتصادية والعلوم التجارية وعلوم التسيير 07/05/2026 الطابق الثاني 124/3   أ/124ن3 124/3 07/05/2026 07/05/2026 كتب

موارد الويب المفتوحة


© University of Algiers 3 All Rights Reserved
|
Implemented by LECHELAH Riad